|
|
|
|
| LEADER |
00000cam a2200000 7i4500 |
| 001 |
0000024665 |
| 005 |
20090108.0 |
| 008 |
090108 |
| 020 |
|
|
|a 1591391237
|
| 090 |
0 |
0 |
|a 658.4012
|b MCG
|
| 100 |
1 |
|
|a McGrath, Rita Gunther
|
| 245 |
1 |
0 |
|a Market busters :
|b 40 strategic moves that drive exceptional business growth
|c Rita Gunther McGrath, Ian C. MacMillan
|
| 260 |
|
|
|a United States :
|b Harvard Business School Prees Boston, Massachusetts ,
|c 2005
|
| 650 |
|
0 |
|a Customer relations
|x Management
|x Handbooks, manual, etc
|
| 650 |
|
0 |
|a Strategic planning
|x Handbooks, manual, etc
|
| 700 |
1 |
|
|a MacMilan, Ian C.
|
| 999 |
|
|
|a 0001038955
|b Book
|c Adult Collection
|e Perbadanan Perpustakaan Awam Johor
|